[Event "BL2-Nord 1314"]
[Site "Germany"]
[Date "2013.11.24"]
[Round "3.3"]
[White "Lehmann, Klaus"]
[Black "Gottschlich, Carsten"]
[Result "1/2-1/2"]
[WhiteElo "2322"]
[BlackElo "2297"]
[PlyCount "99"]
[EventDate "2013.10.13"]
[EventType "team-tourn"]
[EventRounds "9"]
[EventCountry "GER"]
[SourceTitle "EXT 2015"]
[Source "ChessBase"]
[SourceDate "2014.11.20"]
[SourceVersion "1"]
[SourceVersionDate "2014.11.20"]
[SourceQuality "1"]
[WhiteTeam "Kreuzberg"]
[BlackTeam "Goettingen"]
[WhiteTeamCountry "GER"]
[BlackTeamCountry "GER"]

1. e4 c5 2. Nf3 Nc6 3. Bb5 g6 4. 0-0 Bg7 5. Re1 e5 6. Bxc6 bxc6 7. c3 Ne7 8. d4 cxd4 9. cxd4 exd4 10. Nxd4 0-0 11. Nc3 Re8 12. Bf4 Bb7 13. Qd2 d5 14. exd5 Nxd5 15. Rxe8+ Qxe8 16. Nxd5 cxd5 17. Be3 Rc8 18. b3 h5 19. Re1 Qd7 20. Rc1 Rxc1+ 21. Qxc1 Qg4 22. Qd2 Qe4 23. h3 Qe7 24. Qa5 a6 25. Qb6 Qd7 26. a4 Be5 27. Qc5 Bd6 28. Qc3 Be5 29. Qd2 Bg7 30. Bh6 Bh8 31. Qe3 Bf6 32. Qf4 Qe7 33. Qb8+ Kh7 34. Be3 Qb4 35. Qf4 Qe7 36. Nf3 Kg7 37. Bd4 Bxd4 38. Qxd4+ Qf6 39. Ne5 Kh7 40. f4 Qf5 41. b4 Kg8 42. Nd3 Bc6 43. Nc5 Qc2 44. Qf6 Bxa4 45. Qxa6 Qc1+ 46. Qf1 Qe3+ 47. Qf2 Qc1+ 48. Kh2 Bb5 49. f5 g5 50. Qg3 1/2-1/2

[Event "BL2-Nord 1314"]
[Site "Germany"]
[Date "2013.11.10"]
[Round "2.4"]
[White "Lehmann, Klaus"]
[Black "Thinius, Marco"]
[Result "1/2-1/2"]
[WhiteElo "2322"]
[BlackElo "2362"]
[PlyCount "93"]
[EventDate "2013.10.13"]
[EventType "team-tourn"]
[EventRounds "9"]
[EventCountry "GER"]
[SourceTitle "EXT 2015"]
[Source "ChessBase"]
[SourceDate "2014.11.20"]
[SourceVersion "1"]
[SourceVersionDate "2014.11.20"]
[SourceQuality "1"]
[WhiteTeam "Kreuzberg"]
[BlackTeam "Berlin SF II"]
[WhiteTeamCountry "GER"]
[BlackTeamCountry "GER"]

1. e4 e5 2. Nc3 Nf6 3. Bc4 Nxe4 4. Qh5 Nd6 5. Qxe5+ Qe7 6. Qxe7+ Bxe7 7. Bb3 Nf5 8. Nf3 0-0 9. Nd5 Bd8 10. Ne3 Nxe3 11. fxe3 d6 12. 0-0 Nd7 13. c3 Nf6 14. d3 d5 15. c4 Bf5 16. Ne5 Be6 17. cxd5 Bxd5 18. Bc2 Re8 19. Nf3 c6 20. e4 Bb6+ 21. Kh1 Be6 22. h3 h6 23. Re1 Rad8 24. Bd2 Nh7 25. a4 f5 26. Bc3 fxe4 27. dxe4 Nf6 28. a5 Bc7 29. Nd4 Bd7 30. Nf5 Bxf5 31. exf5 Nd5 32. Bb3 Kf8 33. Rxe8+ Rxe8 34. Bd4 a6 35. Bc4 Re4 36. Bc5+ Kf7 37. b3 Bg3 38. Kg1 Re1+ 39. Rxe1 Bxe1 40. b4 Kf6 41. Bxd5 cxd5 42. g4 Bc3 43. Kf2 h5 44. Kf3 hxg4+ 45. hxg4 Ke5 46. Bf8 Kf6 47. Bc5 1/2-1/2

[Event "BL2-Nord 1213"]
[Site "Germany"]
[Date "2013.03.17"]
[Round "8.6"]
[White "Lehmann, Klaus"]
[Black "Meyner, Hannes"]
[Result "1/2-1/2"]
[WhiteElo "2331"]
[BlackElo "2239"]
[PlyCount "36"]
[EventDate "2012.10.14"]
[EventType "team-tourn"]
[EventRounds "9"]
[EventCountry "GER"]
[SourceTitle "CBM 154 Extra"]
[Source "ChessBase"]
[SourceDate "2013.06.25"]
[SourceVersion "2"]
[SourceVersionDate "2013.06.25"]
[SourceQuality "1"]
[WhiteTeam "Berlin Kreuzberg"]
[BlackTeam "Kassel"]
[WhiteTeamCountry "GER"]
[BlackTeamCountry "GER"]

1. e4 c6 2. d4 d5 3. Nc3 dxe4 4. Nxe4 Bf5 5. Ng3 Bg6 6. N1e2 e6 7. Nf4 Bd6 8. c3 Nf6 9. Bc4 0-0 10. 0-0 Nbd7 11. Re1 Qc7 12. Nxg6 hxg6 13. Bg5 Bf4 14. Bxf6 Nxf6 15. Qf3 Rfe8 16. Nf1 Bd6 17. g3 c5 18. dxc5 Bxc5 1/2-1/2